LEADER 01007nam a22002531i 4500 001 991003775129707536 005 20030919154104.0 008 031111s1965 sz |||||||||||||||||ger 035 $ab12472396-39ule_inst 035 $aARCHE-050567$9ExL 040 $aDip.to Lingue$bita$cA.t.i. Arché s.c.r.l. Pandora Sicilia s.r.l. 082 04$a832.9 245 04$aDer deutsche Shakespeare /$cmit Beiträgen von Walter Muschg ... [et al.] 260 $aBasel [etc.] :$bBasilius Presse,$c1965 300 $a159 p. ;$c23 cm 440 0$aTheater unserer Zeit 650 4$aLetteratura drammatica tedesca$ySec. 20. 700 1 $aMuschg, Walter$eauthor$4http://id.loc.gov/vocabulary/relators/aut$0377154 907 $a.b12472396$b02-04-14$c13-11-03 912 $a991003775129707536 945 $aLE012 MUS s.i.1543$g1$i2012000074378$lle012$o-$pE0.00$q-$rl$s- $t0$u0$v0$w0$x0$y.i12903681$z13-11-03 996 $aDeutsche Shakespeare$91459499 997 $aUNISALENTO 998 $ale012$b13-11-03$cm$da $e-$fger$gsz $h4$i1 LEADER 01221nam0 22002771i 450 001 UON00244860 005 20231205103606.239 100 $a20031022d1950 |0itac50 ba 101 $afre 102 $aFR 105 $a|||| ||||| 200 1 $aThèatre$f[Pierre] Corneille$gtexte préfacé et annoté par Pierre Lievre$gédition complétée par Roger Caillois 210 $aParis$cGallimard$d1950 215 $a2 voll. ;18 cm. 410 1$1001UON00067671$12001 $aBibliothèque de la Pléiade$1210 $aParis$cGallimard$v19 ; 20 620 $aFR$dParis$3UONL002984 700 1$aCorneille$bPierre$3UONV138542$0131516 702 1$aCaillois$bRoger$3UONV055763 702 1$aLIÉVRE$bPierre$3UONV144292 712 $aGallimard$3UONV246610$4650 801 $aIT$bSOL$c20260306$gRICA 912 $aUON00244860 950 $aSIBA - SISTEMA BIBLIOTECARIO DI ATENEO E ARCHIVIO STORICO$dSI B.P COR b $eSI MR 44039/1 5 b 950 $aSIBA - SISTEMA BIBLIOTECARIO DI ATENEO E ARCHIVIO STORICO$dSI B.P COR a $eSI MR 44039 5 a 996 $aLivre de Poche$922374 997 $aUNIOR